載入...

Production,multi-sectoral growth and planning essays in memory of Leif Johansen

書目詳細資料
其他作者: Forsund,Finn R (Editor)
格式: Printed Book
語言:English
出版: New York Elsevier Science 1985
叢編:Contributions to economic analysis 154
主題:
LEADER 00648nam a22001817a 4500
005 20160820112554.0
008 091015t xxu||||| |||| 00| 0 eng d
082 |a 338.26  |b FOR 
100 |a Forsund,Finn R  |e Editor  |9 4469 
245 |a Production,multi-sectoral growth and planning  |b essays in memory of Leif Johansen 
300 |a xvi,337p. 
490 |a Contributions to economic analysis  |v 154 
653 |a production  |a growth 
942 |c BK  |6 _ 
260 |a New York  |b Elsevier Science  |c 1985 
020 |a 0444878386 
999 |c 172137  |d 172137 
952 |0 0  |1 0  |2 ddc  |4 0  |6 33826_FOR  |7 0  |9 223561  |a DAE  |b DAE  |d 2009-10-15  |o 338.26 FOR  |p ECO05032  |r 2016-08-20  |w 2016-08-20  |y BK